000
00215nam a22000977a 4500
041
_a
ENG
245
_a
Deainage Design Factors
260
_a
Delhi
_b
Food And Agriculture
_c
1996
650
_a
IDE
856
_u
IDE ( 18 )
999
_c
1517
_d
1517